Good Luck Charlie Trivia - Statistics

General Stats
  • This quiz has been taken 1,028 times
  • The average score is 12 of 15
Answer Stats
Hint Answer % Correct
What is the mom's name? Amy
96%
Who is the video diary for? Charlie
95%
Who does the video diaries? Teddy
95%
Who's friend is named Emmett? PJ
94%
What is the father's name? Bob
92%
Who gets into the most trouble? Gabe
92%
What is the name of Teddy's boyfriend? Spencer
91%
What instrument does PJ play? Guitar
89%
What is the name of the newest baby? Toby
89%
How many kids are in the Duncan family? Five
88%
Who is Teddy's best friend? Ivy
84%
What is the name of their mean neighbor? Mrs. Dabney
70%
What college does Teddy get on a waitlist for? Yale
55%
What is the name of PJ's girlfriend who moved to NYC? Skyler
53%
Where does Spencer go to college? Boston
30%
No matching quizzes found
Score Distribution
Percent of People with Each Score
Percentile by Number Answered
Your Score History
You have not taken this quiz